| 000 | 01141nam0a22002651 4500 | ||
|---|---|---|---|
| 001 | rc\3415848 | ||
| 005 | 20130115140736.2 | ||
| 021 |
_aRU _bП1731-69 |
||
| 035 | _a(NLR Aleph) 007554453 | ||
| 090 |
_a5236485 _c5236485 |
||
| 100 | _a20130115d1969 |||y0rusy50 ca | ||
| 101 | 0 | _arus | |
| 102 | _aRU | ||
| 105 | _aa z ||||| | ||
| 200 | 1 |
_aРационализаторские предложения по железнодорожному транспорту _eИнформации об изобретениях _f[Ред. инж. Т.С. Желтова] _gМПС СССР. Центр. науч.-исслед. ин-т информации, техн.-экон. исследований и пропаганды ж.-д. транспорта |
|
| 210 |
_aМосква _cБ. и. _d1969 |
||
| 215 |
_a42 с. _cил. _d20 |
||
| 225 | 1 |
_aСерия: Автоматика и вычислительная техника _vВып. 44 |
|
| 309 | _aОтпеч. множит. аппаратом | ||
| 702 | 1 |
_aЖелтова _bТ. С. _4340 |
|
| 801 | 0 |
_aRU _bNLR _gpsbo |
|
| 801 | 1 |
_aRU _bELAR _2rusmarc |
|
| 852 |
_aNLR _jП10/2867 |
||
| 942 | _cBOOK | ||
| 980 | _aNB | ||